| 000 | 00600nam a2200169 i 4500 | ||
|---|---|---|---|
| 001 | 93530 | ||
| 003 | ES-MaACL | ||
| 005 | 20230906181243.0 | ||
| 007 | t| | ||
| 008 | 050413s1983 sp ||||1| spa d | ||
| 100 | 1 |
_aLópez Alcalá, Juan Manuel. _973384 |
|
| 245 | 1 | 0 |
_aSíntesis y caracterización de compuestos de coordinación con dinitrógeno y ligandos quelatantes / _cJuan Manuel López Alcalá. |
| 260 |
_aCádiz : _bUniversidad. Servicio de Publicaciones, _c1983. |
||
| 300 |
_a31 p., 2 h. ; _c25 cm. |
||
| 502 | _aTesis Univ.de Cádiz (Extracto) | ||
| 852 |
_aES-MaACL _j2130-F-10 _bR.105765 |
||
| 999 |
_c93530 _d93530 |
||